<?xml version="1.0" encoding="UTF-8"?>
<record
    xmlns:xsi="http://www.w3.org/2001/XMLSchema-instance"
    xsi:schemaLocation="http://www.loc.gov/MARC21/slim http://www.loc.gov/standards/marcxml/schema/MARC21slim.xsd"
    xmlns="http://www.loc.gov/MARC21/slim">

  <leader>00356nam a2200133Ia 4500</leader>
  <controlfield tag="008">230411s9999    xx            000 0 und d</controlfield>
  <datafield tag="041" ind1=" " ind2=" ">
    <subfield code="a">eng</subfield>
  </datafield>
  <datafield tag="082" ind1=" " ind2=" ">
    <subfield code="a">OG/618.104/DAW/B05142</subfield>
  </datafield>
  <datafield tag="100" ind1=" " ind2=" ">
    <subfield code="a">Dawn C</subfield>
  </datafield>
  <datafield tag="245" ind1=" " ind2=" ">
    <subfield code="a">Textbook of Gynaecology Contraception and Demography</subfield>
  </datafield>
  <datafield tag="260" ind1=" " ind2=" ">
    <subfield code="b">Dawn Books</subfield>
    <subfield code="a">Kolkata</subfield>
    <subfield code="c">2003</subfield>
  </datafield>
  <datafield tag="300" ind1=" " ind2=" ">
    <subfield code="a">256p</subfield>
  </datafield>
  <datafield tag="999" ind1=" " ind2=" ">
    <subfield code="c">155669</subfield>
    <subfield code="d">155669</subfield>
  </datafield>
  <datafield tag="952" ind1=" " ind2=" ">
    <subfield code="0">0</subfield>
    <subfield code="1">0</subfield>
    <subfield code="4">0</subfield>
    <subfield code="7">0</subfield>
    <subfield code="8">OG</subfield>
    <subfield code="a">BTIN</subfield>
    <subfield code="b">BTIN</subfield>
    <subfield code="d">2008-05-03</subfield>
    <subfield code="e">S.K.Kothari,Pune.</subfield>
    <subfield code="g">390.00</subfield>
    <subfield code="i">1038</subfield>
    <subfield code="l">0</subfield>
    <subfield code="o">OG 618.104 DAW B05142</subfield>
    <subfield code="p">BTIN-BK-5142</subfield>
    <subfield code="r">2023-04-11 00:00:00</subfield>
    <subfield code="v">292.00</subfield>
    <subfield code="w">2008-05-03</subfield>
    <subfield code="y">BK</subfield>
    <subfield code="z">B05142</subfield>
  </datafield>
</record>
